名古屋市営地下鉄全駅 - Statistics

General Stats
  • This quiz has been taken 19 times
  • The average score is 78 of 100
Answer Stats
ナンバリング 駅名 % Correct
H08 | S02 名古屋
100%
桜通線-S01 太閤通
100%
K02 | M11 平安通
100%
T20 赤池
100%
上飯田線-K01 上飯田
100%
H10 | M05
94%
H11 新栄町
94%
H22 藤が丘
94%
名城線-M01 | 名港線-E01 金山
94%
E07 名古屋港
94%
S04 | T06 丸の内
94%
M06 | S05 久屋大通
94%
M13 ナゴヤドーム前矢田
94%
M27 熱田神宮西
94%
T08 大須観音
94%
T10 鶴舞
94%
東山線-H01 高畑
88%
H04 中村公園
88%
H12 千種
88%
H17 東山公園
88%
S03 国際センター
88%
S10 | T12 御器所
88%
M23 | S14 新瑞橋
88%
S21 徳重
88%
M07 名古屋城
88%
M12 大曽根
88%
M26 熱田神宮伝馬町
88%
鶴舞線-T01 上小田井
88%
H02 八田
82%
H07 亀島
82%
H09 | T07 伏見
82%
H13 | S08 今池
82%
H16 | M17 本山
82%
H18 星ヶ丘
82%
H19 一社
82%
E05 港区役所
82%
S13 瑞穂運動場西
82%
M03 | T09 上前津
82%
M18 名古屋大学
82%
M20 | T15 八事
82%
M22 瑞穂運動場東
82%
T14 いりなか
82%
T19 平針
82%
H05 中村日赤
76%
H14 池下
76%
H20 上社
76%
S07 車道
76%
S15 桜本町
76%
M04 矢場町
76%
M19 八事日赤
76%
T02 庄内緑地公園
76%
T04 浄心
76%
H06 本陣
71%
H15 覚王山
71%
S06 高岳
71%
M08 名城公園
71%
M14 砂田橋
71%
T18
71%
E02 日比野
65%
S09 吹上
65%
S11 桜山
65%
S12 瑞穂区役所
65%
S19 相生山
65%
M09 黒川
65%
M15 茶屋ヶ坂
65%
M16 自由ヶ丘
65%
M21 総合リハビリセンター
65%
M25 堀田
65%
M28 西高蔵
65%
H03 岩塚
59%
E04 東海通
59%
S20 神沢
59%
M02 東別院
59%
M24 妙音通
59%
T05 浅間町
59%
T11 荒畑
59%
T16 塩釜口
59%
T17 植田
59%
H21 本郷
53%
E06 築地口
53%
S17 野並
53%
S18 鳴子北
53%
T03 庄内通
53%
S16 鶴里
47%
M10 志賀本通
47%
T13 川名
47%
E03 六番町
41%
No matching quizzes found
Score Distribution
Percent of People with Each Score
Percentile by Number Answered
Your Score History
You have not taken this quiz